<A> Primer for Marketing Decision Making
Na minha lista:
| Autor principal: | |
|---|---|
| Outros Autores: | |
| Formato: | Livro |
| Idioma: | inglês |
| Publicado em: |
New York
Random House
1980
|
| Edição: | 1. ed. |
| Assuntos: | |
| Tags: |
Sem tags, seja o primeiro a adicionar uma tag!
|
MARC
| LEADER | 00000nam a2200000 4500 | ||
|---|---|---|---|
| 001 | c010542 | ||
| 005 | 20221207074033.7 | ||
| 020 | |a 0-394-32584-4 | ||
| 041 | 0 | |a eng | |
| 044 | |a US | ||
| 245 | 1 | 0 | |a <A> Primer for Marketing Decision Making |c Lee Dahringer, Dennis Guseman |
| 250 | |a 1. ed. | ||
| 264 | 1 | |a New York |b Random House |c 1980 | |
| 300 | |a 26 s. | ||
| 610 | 2 | 0 | |a odbyt |
| 610 | 2 | 0 | |a marketing |
| 610 | 2 | 0 | |a procesy rozhodovacie |
| 610 | 2 | 0 | |a správanie |
| 610 | 2 | 0 | |a prostredie ekonomické |
| 610 | 2 | 0 | |a prieskum trhu |
| 610 | 2 | 0 | |a manažment |
| 610 | 2 | 0 | |a štúdie prípadové |
| 100 | 1 | |a Dahringer, Lee | |
| 700 | 1 | |a Guseman, Dennis | |